Animating Unpredictable Effects (Record no. 91683)

MARC details
000 -LEADER
fixed length control field 01785nam a2200253Ii 4500
008 - FIXED-LENGTH DATA ELEMENTS--GENERAL INFORMATION
fixed length control field 221202s xx 000 0 und d
100 1# - MAIN ENTRY--PERSONAL NAME
Personal name Gowanlock, Jordan,
Relator term author
245 #0 - TITLE STATEMENT
Title Animating Unpredictable Effects
246 ## - VARYING FORM OF TITLE
Title proper/short title Nonlinearity in Hollywood's R&D Complex
264 ## - PRODUCTION, PUBLICATION, DISTRIBUTION, MANUFACTURE, AND COPYRIGHT NOTICE
Name of producer, publisher, distributor, manufacturer Springer Nature
Date of production, publication, distribution, manufacture, or copyright notice 2021
300 ## - PHYSICAL DESCRIPTION
Extent 1 online resource (206 pages)
336 ## - CONTENT TYPE
Content type term text
Content type code txt
Source rdacontent
337 ## - MEDIA TYPE
Media type term computer
Media type code c
Source rdamedia
338 ## - CARRIER TYPE
Carrier type term online resource
Carrier type code cr
Source rdacarrier
490 ## - SERIES STATEMENT
Series statement Palgrave Animation
520 ## - SUMMARY, ETC.
Summary, etc. Uncanny computer-generated animations of splashing waves, billowing smoke clouds, and characters' flowing hair have become a ubiquitous presence on screens of all types since the 1980s. This Open Access book charts the history of these digital moving images and the software tools that make them. Unpredictable Visual Effects uncovers an institutional and industrial history that saw media industries conducting more private R&D as Cold War federal funding began to wane in the late 1980s. In this context studios and media software companies took concepts used for studying and managing unpredictable systems like markets, weather, and fluids and turned them into tools for animation. Unpredictable Visual Effects theorizes how these animations are part of a paradigm of control evident across society, while at the same time exploring what they can teach us about the relationship between making and knowing.
653 ## - INDEX TERM--UNCONTROLLED
Uncontrolled term Animation
653 ## - INDEX TERM--UNCONTROLLED
Uncontrolled term Film And Television Industry
653 ## - INDEX TERM--UNCONTROLLED
Uncontrolled term Film Theory
653 ## - INDEX TERM--UNCONTROLLED
Uncontrolled term Film/Tv Industry
653 ## - INDEX TERM--UNCONTROLLED
Uncontrolled term Visual Effects
856 ## - ELECTRONIC LOCATION AND ACCESS
Uniform Resource Identifier <a href="https://docs.google.com/spreadsheets/d/1yKIrdCPDAG_9c22mwoOIO2DOhtj65Wqa/edit?usp=sharing&ouid=106555315294820607512&rtpof=true&sd=true ">https://docs.google.com/spreadsheets/d/1yKIrdCPDAG_9c22mwoOIO2DOhtj65Wqa/edit?usp=sharing&ouid=106555315294820607512&rtpof=true&sd=true </a>
Link text List of Curated E-Books
942 ## - ADDED ENTRY ELEMENTS (KOHA)
Koha item type E-Book

No items available.

University of Rizal System
Email us at univlibservices@urs.edu.ph

Visit our Website www.urs.edu.ph/library